[Event "Varna 10th"]
[Site "Varna"]
[Date "2016.07.02"]
[Round "6"]
[White "Nikolov, Sasho"]
[Black "Dimov, Dian"]
[Result "0-1"]
[WhiteElo "2348"]
[BlackElo "2255"]
[PlyCount "94"]
[EventDate "2016.06.27"]
[EventType "tourn"]
[EventRounds "7"]
[EventCountry "BUL"]
[EventCategory "6"]
[SourceTitle "CBM 173 Extra"]
[Source "ChessBase"]
[SourceDate "2016.08.29"]
[SourceVersion "1"]
[SourceVersionDate "2016.08.29"]
[SourceQuality "1"]

1. d4 Nf6 2. Nf3 c5 3. d5 e6 4. Nc3 d6 5. Bg5 Be7 6. e3 0-0 7. Be2 a6 8. 0-0 b5 9. dxe6 fxe6 10. a4 b4 11. Bxf6 Bxf6 12. Ne4 d5 13. Nxc5 Bxb2 14. Rb1 Bc3 15. Nd4 Qe7 16. Nd3 e5 17. Nb3 Ra7 18. Bg4 Rc7 19. Bxc8 Rcxc8 20. Qg4 Nd7 21. Na5 Nf6 22. Qh4 Qc7 23. Nb3 Qd7 24. a5 Rc4 25. f4 Qa7 26. Qh3 exf4 27. Qe6+ Kh8 28. Nxf4 Re8 29. Qb6 Qe7 30. Rf3 Qe4 31. Nd3 d4 32. Nbc5 Rxc5 33. Nxc5 Qxc2 34. Rbf1 dxe3 35. Qc6 Qg6 36. Nd3 e2 37. Rb1 h6 38. Qxa6 e1Q+ 39. Rxe1 Bxe1 40. Qb5 Bc3 41. a6 Qe4 42. h3 Qd5 43. Qa4 Ra8 44. Nf4 Qe4 45. Rf1 Be5 46. Ne6 Qc4 47. Rxf6 Bxf6 0-1

[Event "Varna 10th"]
[Site "Varna"]
[Date "2016.06.28"]
[Round "2"]
[White "Bernadskiy, Vitaliy"]
[Black "Dimov, Dian"]
[Result "1-0"]
[WhiteElo "2521"]
[BlackElo "2255"]
[PlyCount "63"]
[EventDate "2016.06.27"]
[EventType "tourn"]
[EventRounds "7"]
[EventCountry "BUL"]
[EventCategory "6"]
[SourceTitle "CBM 173 Extra"]
[Source "ChessBase"]
[SourceDate "2016.08.29"]
[SourceVersion "1"]
[SourceVersionDate "2016.08.29"]
[SourceQuality "1"]

1. d4 Nf6 2. c4 c5 3. d5 e6 4. Nc3 exd5 5. cxd5 d6 6. e4 g6 7. f4 Bg7 8. Bb5+ Nbd7 9. Nf3 0-0 10. 0-0 a6 11. Bd3 b5 12. a3 Re8 13. Bc2 Nb6 14. f5 Nbd7 15. Ng5 Ne5 16. fxg6 fxg6 17. Bb3 Ra7 18. Ne6 Bxe6 19. dxe6 c4 20. Bc2 Rxe6 21. Be3 Rf7 22. Qe2 Nfd7 23. Rxf7 Nxf7 24. a4 Re5 25. axb5 axb5 26. Ra7 Rh5 27. Nd5 Bxb2 28. Qg4 Nde5 29. Qf4 Kg7 30. Re7 Kf8 31. Qf6 Rf5 32. Bh6+ 1-0

[Event "Albena op-A"]
[Site "Albena"]
[Date "2016.06.23"]
[Round "6"]
[White "Nikolova, Adriana"]
[Black "Dimov, Dian"]
[Result "0-1"]
[WhiteElo "2331"]
[BlackElo "2255"]
[PlyCount "130"]
[EventDate "2016.06.18"]
[EventType "swiss"]
[EventRounds "9"]
[EventCountry "BUL"]
[SourceTitle "CBM 173 Extra"]
[Source "ChessBase"]
[SourceDate "2016.08.29"]
[SourceVersion "1"]
[SourceVersionDate "2016.08.29"]
[SourceQuality "1"]

1. e4 c5 2. c3 Nf6 3. e5 Nd5 4. d4 cxd4 5. cxd4 Nc6 6. Nf3 d6 7. Bc4 dxe5 8. Nxe5 e6 9. Nf3 Bb4+ 10. Bd2 Bxd2+ 11. Qxd2 0-0 12. 0-0 b6 13. Nc3 Nce7 14. Nxd5 Nxd5 15. Bd3 Bb7 16. Rad1 Qf6 17. Be4 Rfd8 18. Rfe1 Rac8 19. Ng5 g6 20. Nf3 Rc7 21. Rc1 Rxc1 22. Rxc1 Kg7 23. Ne5 Qf4 24. Qe1 Qg5 25. g3 Qe7 26. Qd2 Nf6 27. Bxb7 Qxb7 28. Qf4 Nd5 29. Qf3 f6 30. Nd3 Rc8 31. Re1 Qd7 32. Re4 Rc6 33. h4 Rd6 34. h5 g5 35. Kg2 h6 36. Ne1 Ne7 37. Nc2 Qc6 38. Re2 g4 39. Qxc6 Nxc6 40. Rd2 f5 41. f3 Kf6 42. f4 Rd5 43. Kf2 Ke7 44. Ke3 Rd7 45. b4 Kd6 46. Kd3 Rc7 47. a3 b5 48. Na1 a5 49. bxa5 Nxa5 50. Rb2 Rc1 51. Rxb5 Nc6 52. Nb3 Rg1 53. Nc5 Rxg3+ 54. Kd2 Nxd4 55. Nb7+ Kc6 56. Rb4 Kd5 57. a4 Ra3 58. a5 g3 59. Rb1 g2 60. Rd1 g1Q 61. Rxg1 Nf3+ 62. Kc2 Nxg1 63. Kb2 Ra4 64. Kb3 Rxf4 65. Nd8 Rf3+ 0-1

[Event "Albena op-A"]
[Site "Albena"]
[Date "2016.06.22"]
[Round "5"]
[White "Dimov, Dian"]
[Black "Ninov, Dayan"]
[Result "1-0"]
[WhiteElo "2255"]
[BlackElo "2246"]
[PlyCount "125"]
[EventDate "2016.06.18"]
[EventType "swiss"]
[EventRounds "9"]
[EventCountry "BUL"]
[SourceTitle "CBM 173 Extra"]
[Source "ChessBase"]
[SourceDate "2016.08.29"]
[SourceVersion "1"]
[SourceVersionDate "2016.08.29"]
[SourceQuality "1"]

1. e4 b6 2. d4 Bb7 3. Nd2 e6 4. Ngf3 c5 5. c3 d6 6. Bd3 Nf6 7. 0-0 Be7 8. Qe2 cxd4 9. cxd4 0-0 10. Re1 Nc6 11. a3 Re8 12. b4 Bf8 13. Bb2 e5 14. d5 Ne7 15. Bb5 Nd7 16. Rac1 Ng6 17. g3 a6 18. Bc6 Bxc6 19. Rxc6 Qb8 20. Rec1 Ne7 21. R6c2 Rc8 22. Nc4 Ra7 23. Ng5 h6 24. Nxf7 Kxf7 25. Qg4 Kg8 26. Qe6+ Kh7 27. Nxd6 Rxc2 28. Rxc2 Rc7 29. Rd2 Ng6 30. Nf7 Qc8 31. d6 Rc1+ 32. Kg2 Qc4 33. Qxc4 Rxc4 34. f4 exf4 35. e5 Re4 36. gxf4 Kg8 37. Nd8 Nxf4+ 38. Kf3 Rc4 39. e6 Nxe6 40. Nxe6 Rc6 41. Nxf8 Kxf8 42. Ke4 b5 43. Kd5 Rc4 44. Ke6 Ke8 45. Bxg7 Rg4 46. Bd4 Rg5 47. Re2 Nf8+ 48. Kf6+ Kd7 49. Bc5 Rg6+ 50. Kf7 Re6 51. Rf2 Ng6 52. Kg7 Ne5 53. Rf5 Rg6+ 54. Kh7 Re6 55. h4 Ke8 56. h5 Nd7 57. Kg7 Ne5 58. Rf8+ Kd7 59. Ra8 Nc6 60. Rh8 Re5 61. Kxh6 a5 62. Rh7+ Kc8 63. Rc7+ 1-0

[Event "BUL-ch 80th"]
[Site "Pleven"]
[Date "2016.04.18"]
[Round "1"]
[White "Dimov, Dian"]
[Black "Chatalbashev, Boris"]
[Result "0-1"]
[WhiteElo "2285"]
[BlackElo "2547"]
[PlyCount "110"]
[EventDate "2016.04.18"]
[EventType "tourn"]
[EventRounds "9"]
[EventCountry "BUL"]
[EventCategory "9"]
[SourceTitle "CBM 172 Extra"]
[Source "ChessBase"]
[SourceDate "2016.06.21"]
[SourceVersion "1"]
[SourceVersionDate "2016.06.21"]
[SourceQuality "1"]

1. e4 c5 2. Nf3 Nc6 3. d4 cxd4 4. Nxd4 g6 5. Nc3 Bg7 6. Be3 Nf6 7. Nxc6 bxc6 8. e5 Ng8 9. Bd4 f6 10. exf6 Nxf6 11. Be2 0-0 12. 0-0 d5 13. f4 Bf5 14. Bf3 Rb8 15. b3 a5 16. Re1 Rb4 17. Ne2 Rb7 18. Ng3 Be4 19. c3 Bxf3 20. Qxf3 Ne8 21. Rad1 Qd6 22. Rf1 Bxd4+ 23. cxd4 Ng7 24. Qc3 Rb4 25. Ne2 a4 26. Rc1 axb3 27. axb3 Rb6 28. Rc2 Nh5 29. Qe3 Nf6 30. Ng3 Rb4 31. f5 Ng4 32. Qg5 Rxd4 33. Re2 Qf6 34. Qxf6 exf6 35. Re6 c5 36. h3 Ne5 37. Ne2 Rd2 38. Nf4 c4 39. bxc4 dxc4 40. Rc1 gxf5 41. Rc3 Kf7 42. Ra6 Rfd8 43. Nh5 R2d6 44. Ra7+ R8d7 45. Ra4 Rd3 46. Raxc4 Nxc4 47. Rxc4 R7d4 48. Rxd4 Rxd4 49. Kf2 Ke6 50. Ng3 Ke5 51. Ne2 Rd3 52. Ng1 Ke4 53. Nf3 Rxf3+ 54. gxf3+ Kf4 55. h4 h5 0-1

[Event "BUL-ch sf 80th"]
[Site "Plovdiv"]
[Date "2016.02.12"]
[Round "6"]
[White "Dimov, Dian"]
[Black "Vutov, M Mario"]
[Result "1/2-1/2"]
[WhiteElo "2304"]
[BlackElo "2356"]
[PlyCount "83"]
[EventDate "2016.02.08"]
[EventType "swiss"]
[EventRounds "9"]
[EventCountry "BUL"]
[SourceTitle "CBM 170 Extra"]
[Source "ChessBase"]
[SourceDate "2016.02.25"]
[SourceVersion "1"]
[SourceVersionDate "2016.02.25"]
[SourceQuality "1"]

1. e4 d6 2. d4 Nf6 3. Nc3 e5 4. Nf3 Nbd7 5. Bc4 Be7 6. 0-0 0-0 7. Re1 c6 8. a4 a5 9. h3 h6 10. Qe2 Re8 11. Be3 Bf8 12. d5 Nb6 13. Nd2 Nfd7 14. Ra3 Nc5 15. Rd1 Qh4 16. Ba2 Nbd7 17. Qf3 Qf6 18. Qxf6 Nxf6 19. Bc4 Nfd7 20. Nb3 Na6 21. Bxa6 Rxa6 22. Nd2 Nf6 23. Nc4 cxd5 24. exd5 Bf5 25. Rc1 Nd7 26. g4 Rc8 27. Nd2 Bg6 28. Rb3 b6 29. f3 f5 30. Kg2 Be7 31. gxf5 Bxf5 32. Nce4 Kf8 33. c4 Ke8 34. Kh2 Nc5 35. Bxc5 bxc5 36. Rb7 Raa8 37. Rg1 Rcb8 38. Rb5 Kf7 39. Rc1 Bd7 40. Rc3 Bxb5 41. cxb5 Ke8 42. Nc4 1/2-1/2

[Event "BUL-ch sf 80th"]
[Site "Plovdiv"]
[Date "2016.02.09"]
[Round "2"]
[White "Dimov, Dian"]
[Black "Kolev, Atanas Tonchev"]
[Result "0-1"]
[WhiteElo "2304"]
[BlackElo "2069"]
[PlyCount "94"]
[EventDate "2016.02.08"]
[EventType "swiss"]
[EventRounds "9"]
[EventCountry "BUL"]
[SourceTitle "CBM 170 Extra"]
[Source "ChessBase"]
[SourceDate "2016.02.25"]
[SourceVersion "1"]
[SourceVersionDate "2016.02.25"]
[SourceQuality "1"]

1. e4 d5 2. exd5 Qxd5 3. Nc3 Qa5 4. d4 Nf6 5. Nf3 Bg4 6. h3 Bh5 7. g4 Bg6 8. Ne5 e6 9. Bg2 c6 10. Bd2 Nbd7 11. Nxg6 hxg6 12. g5 Nh5 13. d5 cxd5 14. Nxd5 Qd8 15. Nc3 Qc7 16. Qg4 Be7 17. 0-0 0-0 18. Rae1 Rfe8 19. Bc1 a6 20. Re2 Ne5 21. Qe4 Nc6 22. Bf3 Bb4 23. Nd1 Rad8 24. c3 Bc5 25. Bxh5 gxh5 26. Qh4 g6 27. Ne3 Ba7 28. Nc4 Nd4 29. cxd4 Qxc4 30. Re4 Rxd4 31. Rxd4 Bxd4 32. Be3 e5 33. Qe4 Qc6 34. Qxc6 bxc6 35. Rc1 c5 36. b3 Rc8 37. Kf1 Kf8 38. Ke2 Ke7 39. Bxd4 exd4 40. Kd3 Kd6 41. Re1 Rc7 42. Re4 a5 43. Rf4 a4 44. Kc4 axb3 45. axb3 Ke5 46. Rf6 Ke4 47. f4 Rd7 0-1

[Event "Kesarovski Georgiev Memorial 14th"]
[Site "Sunny Beach"]
[Date "2015.09.05"]
[Round "1"]
[White "Dimov, Dian"]
[Black "Zhou, Yang Fan"]
[Result "0-1"]
[WhiteElo "2317"]
[BlackElo "2463"]
[PlyCount "48"]
[EventDate "2015.09.05"]
[EventType "swiss"]
[EventRounds "9"]
[EventCountry "BUL"]
[SourceTitle "EXT 2016"]
[Source "ChessBase"]
[SourceDate "2015.10.08"]
[SourceVersion "1"]
[SourceVersionDate "2015.10.08"]
[SourceQuality "1"]

1. e4 c5 2. Nf3 d6 3. d4 Nf6 4. Nc3 cxd4 5. Nxd4 g6 6. Be3 a6 7. h3 Bg7 8. Qf3 Bd7 9. 0-0-0 Nc6 10. g4 0-0 11. Be2 Rc8 12. g5 Nh5 13. h4 Ne5 14. Qg2 Rxc3 15. bxc3 Qa5 16. Nb3 Qxa2 17. Rd5 Ba4 18. Bd2 Bxb3 19. cxb3 Qxb3 20. Qh3 Nc6 21. Bd1 Qa2 22. Bc2 Nb4 23. cxb4 Qa1+ 24. Bb1 Qb2+ 0-1

[Event "BUL-ch 79th"]
[Site "Pleven"]
[Date "2015.04.21"]
[Round "4"]
[White "Cheparinov, Ivan"]
[Black "Dimov, Dian"]
[Result "1-0"]
[WhiteElo "2675"]
[BlackElo "2340"]
[PlyCount "99"]
[EventDate "2015.04.18"]
[EventType "tourn"]
[EventRounds "9"]
[EventCountry "BUL"]
[EventCategory "10"]
[SourceTitle "CBM 166 Extra"]
[Source "ChessBase"]
[SourceDate "2015.06.18"]
[SourceVersion "1"]
[SourceVersionDate "2015.06.18"]
[SourceQuality "1"]

1. d4 Nf6 2. c4 e6 3. Nf3 c5 4. d5 exd5 5. cxd5 d6 6. Nc3 g6 7. Bf4 a6 8. a4 Bg7 9. h3 0-0 10. e3 Re8 11. Nd2 Nbd7 12. Be2 Ne5 13. 0-0 Nfd7 14. Bg3 f5 15. Qc2 b6 16. Kh1 Nf6 17. Qb3 Rb8 18. Rad1 Qc7 19. Rfe1 Bb7 20. Bxe5 Rxe5 21. Nc4 Ne4 22. Kg1 Re7 23. Nxe4 Rxe4 24. Bf3 Re7 25. Qxb6 Qxb6 26. Nxb6 Bxb2 27. Rd3 Be5 28. Rb3 Bc8 29. Reb1 a5 30. Nc4 Rb4 31. Nxa5 Rxa4 32. Nc6 Re8 33. Nxe5 Rxe5 34. Rb8 Re8 35. R1b6 Rb4 36. Rxb4 cxb4 37. Be2 Kf8 38. Rxb4 Rd8 39. Rb8 Ke7 40. Bb5 g5 41. f4 g4 42. Kf2 gxh3 43. gxh3 Rf8 44. Ra8 h6 45. h4 Kf7 46. Ra7+ Kf6 47. Rc7 Kg6 48. h5+ Kxh5 49. Rg7 Rf6 50. Be2+ 1-0

[Event "BUL-ch sf 79th"]
[Site "Plovdiv"]
[Date "2015.01.29"]
[Round "7"]
[White "Dimov, Dian"]
[Black "Arnaudov, Petar G"]
[Result "1/2-1/2"]
[WhiteElo "2270"]
[BlackElo "2451"]
[PlyCount "45"]
[EventDate "2015.01.25"]
[EventType "swiss"]
[EventRounds "9"]
[EventCountry "BUL"]
[SourceTitle "EXT 2016"]
[Source "ChessBase"]
[SourceDate "2015.10.08"]
[SourceVersion "1"]
[SourceVersionDate "2015.10.08"]
[SourceQuality "1"]

1. e4 e5 2. Nf3 Nc6 3. Nc3 Nf6 4. Be2 g6 5. d4 exd4 6. Nxd4 Bg7 7. Nxc6 dxc6 8. Qxd8+ Kxd8 9. Bg5 h6 10. 0-0-0+ Ke7 11. Bh4 g5 12. Bg3 Ne8 13. e5 h5 14. f4 gxf4 15. Bxf4 Bh6 16. Rd4 Ng7 17. Bxh6 Rxh6 18. Rf1 Rg6 19. g3 Rg5 20. Rdf4 Be6 21. Rb4 Rb8 22. Bf3 a5 23. Re4 1/2-1/2

[Event "Sunny Beach op-B 13th"]
[Site "Sunny Beach"]
[Date "2014.09.09"]
[Round "4"]
[White "Bochev, Krasimir"]
[Black "Dimov, Dian"]
[Result "0-1"]
[WhiteElo "2065"]
[BlackElo "2285"]
[PlyCount "54"]
[EventDate "2014.09.06"]
[EventType "swiss"]
[EventRounds "9"]
[EventCountry "BUL"]
[SourceTitle "CBM 162 Extra"]
[Source "ChessBase"]
[SourceDate "2014.10.17"]
[SourceVersion "1"]
[SourceVersionDate "2014.10.17"]
[SourceQuality "1"]

1. Nf3 g6 2. d4 Bg7 3. c4 c5 4. g3 cxd4 5. Nxd4 d5 6. Nb3 d4 7. Bg2 e5 8. 0-0 Ne7 9. e3 0-0 10. exd4 exd4 11. Re1 Nf5 12. Bf4 Nc6 13. N1d2 g5 14. g4 Nh6 15. Bxc6 bxc6 16. Be5 f6 17. Bxd4 Bxg4 18. f3 Bh5 19. Bc5 Re8 20. Nd4 Qd7 21. N2b3 Re5 22. Nc2 Qh3 23. Rxe5 fxe5 24. Ne1 e4 25. Qd6 exf3 26. Qg3 Qf5 27. Bf2 Be5 0-1

[Event "BUL-ch sf 78th"]
[Site "Plovdiv"]
[Date "2014.02.11"]
[Round "2"]
[White "Kozhuharov, Spas"]
[Black "Dimov, Dian"]
[Result "1-0"]
[WhiteElo "2463"]
[BlackElo "2262"]
[PlyCount "99"]
[EventDate "2014.02.10"]
[EventType "swiss"]
[EventRounds "9"]
[EventCountry "BUL"]
[SourceTitle "CBM 158 Extra"]
[Source "ChessBase"]
[SourceDate "2014.02.28"]
[SourceVersion "1"]
[SourceVersionDate "2014.02.28"]
[SourceQuality "1"]

1. c4 c5 2. Nf3 Nf6 3. d4 cxd4 4. Nxd4 b6 5. Nc3 Bb7 6. f3 e6 7. Ndb5 d6 8. Bf4 e5 9. Bg5 a6 10. Bxf6 gxf6 11. Na3 f5 12. e3 Bh6 13. Nc2 f4 14. exf4 Bxf4 15. g3 Bh6 16. Bd3 0-0 17. Be4 Ra7 18. Bxb7 Rxb7 19. Qd5 Rd7 20. Rd1 Kh8 21. 0-0 f5 22. Kg2 Rg8 23. Qe6 Qf8 24. Ne2 Rg6 25. Qd5 f4 26. g4 Bg5 27. Nc3 Rdg7 28. Ne4 Be7 29. Qa8 Qc8 30. h3 h5 31. Rh1 Rg8 32. b3 b5 33. Nb4 Bh4 34. Kf1 bxc4 35. Rc1 Qe6 36. Rxc4 Nd7 37. Qd5 Qe8 38. Nxd6 Nb6 39. Nxe8 Nxd5 40. Nxd5 Rxe8 41. Nc3 Rd6 42. Ke2 Red8 43. Rd1 hxg4 44. hxg4 Rxd1 45. Nxd1 Be7 46. Nf2 Kg7 47. Rc7 Kf7 48. Nd3 Rd5 49. Nb4 Rd6 50. Nc6 1-0

[Event "Plovdiv Tringov Memorial 36th"]
[Site "Plovdiv"]
[Date "2014.02.08"]
[Round "8"]
[White "Dimitrov, Pavel"]
[Black "Dimov, Dian"]
[Result "1-0"]
[WhiteElo "2329"]
[BlackElo "2262"]
[PlyCount "75"]
[EventDate "2014.02.02"]
[EventType "swiss"]
[EventRounds "9"]
[EventCountry "BUL"]
[SourceTitle "CBM 158 Extra"]
[Source "ChessBase"]
[SourceDate "2014.02.28"]
[SourceVersion "1"]
[SourceVersionDate "2014.02.28"]
[SourceQuality "1"]

1. e4 c5 2. Nf3 d6 3. d4 cxd4 4. Nxd4 Nf6 5. Nc3 a6 6. a4 g6 7. g3 Bg7 8. Bg2 0-0 9. 0-0 Nc6 10. Nde2 Bd7 11. h3 Rc8 12. Be3 Qa5 13. Nd5 Nxd5 14. exd5 Ne5 15. b3 Bf5 16. Nd4 Qc3 17. Ra2 Rc7 18. a5 Rfc8 19. Ne2 Qb4 20. Ra4 Qb5 21. c4 Qd7 22. g4 Bd3 23. Ra2 Qe8 24. f4 Bxe2 25. Rxe2 Nd7 26. Bd4 Bxd4+ 27. Qxd4 Nc5 28. Rf3 Qf8 29. Rfe3 Re8 30. g5 f6 31. gxf6 Nd7 32. fxe7 Qf6 33. Qxf6 Nxf6 34. Re6 Nh5 35. Rxd6 Nxf4 36. Re4 Nxg2 37. Rd8 Kf7 38. d6 1-0

[Event "Plovdiv Tringov Memorial 36th"]
[Site "Plovdiv"]
[Date "2014.02.07"]
[Round "7"]
[White "Dimov, Dian"]
[Black "Vasilev, Milen"]
[Result "0-1"]
[WhiteElo "2262"]
[BlackElo "2487"]
[PlyCount "86"]
[EventDate "2014.02.02"]
[EventType "swiss"]
[EventRounds "9"]
[EventCountry "BUL"]
[SourceTitle "CBM 158 Extra"]
[Source "ChessBase"]
[SourceDate "2014.02.28"]
[SourceVersion "1"]
[SourceVersionDate "2014.02.28"]
[SourceQuality "1"]

1. e4 e5 2. Nf3 Nc6 3. Bc4 Nf6 4. Ng5 d5 5. exd5 b5 6. Bf1 Qxd5 7. Nc3 Qc5 8. Bxb5 h6 9. Qf3 Bb7 10. b4 Qd6 11. Nce4 Qd7 12. Nxf6+ gxf6 13. Ne4 0-0-0 14. Rb1 Qd5 15. c4 Qe6 16. Nc5 Bxc5 17. bxc5 Nb4 18. c6 Nxc6 19. 0-0 Rhg8 20. d4 Nxd4 21. Qxb7+ Kxb7 22. Bd7+ Qb6 23. Rxb6+ Kxb6 24. c5+ Kxc5 25. Ba3+ Kd5 26. Bh3 c5 27. Kh1 Rb8 28. g3 Rb5 29. Rc1 Rgb8 30. Bf1 Ra5 31. Bc4+ Kc6 32. Rc3 Nb5 33. Bxb5+ Rbxb5 34. Kg2 Ra4 35. Bc1 h5 36. Rf3 c4 37. Rxf6+ Kd5 38. Rxf7 c3 39. Rd7+ Kc6 40. Rd8 Rc4 41. Kf3 Rb1 42. Rd1 Ra4 43. Ke3 e4 0-1

[Event "Plovdiv Tringov Memorial 36th"]
[Site "Plovdiv"]
[Date "2014.02.06"]
[Round "6"]
[White "Nevednichy, Vladislav"]
[Black "Dimov, Dian"]
[Result "1/2-1/2"]
[WhiteElo "2603"]
[BlackElo "2262"]
[PlyCount "83"]
[EventDate "2014.02.02"]
[EventType "swiss"]
[EventRounds "9"]
[EventCountry "BUL"]
[SourceTitle "CBM 158 Extra"]
[Source "ChessBase"]
[SourceDate "2014.02.28"]
[SourceVersion "1"]
[SourceVersionDate "2014.02.28"]
[SourceQuality "1"]

1. e4 c5 2. Nf3 Nc6 3. Bb5 d6 4. 0-0 Nf6 5. Re1 Bd7 6. c3 a6 7. Ba4 b5 8. Bc2 Bg4 9. d3 g6 10. Nbd2 Bg7 11. h3 Bc8 12. d4 cxd4 13. cxd4 0-0 14. Nf1 e5 15. d5 Nb8 16. Bb1 a5 17. a3 Na6 18. b4 Bd7 19. Bd2 axb4 20. axb4 Nh5 21. Ra5 Nf4 22. Qb3 Qb8 23. Ng3 Rc8 24. Rc1 Bf6 25. Ra2 Rxc1+ 26. Bxc1 Qb7 27. Bxf4 exf4 28. Ne2 Nc7 29. Nxf4 Ra4 30. Nd3 Be8 31. Nfe1 Na6 32. Re2 Qc7 33. Rc2 Qe7 34. Re2 Qc7 35. Rc2 Qe7 36. f3 Kg7 37. Kf1 Qa7 38. Ra2 Qe3 39. Nc2 Qd2 40. Nce1 Qe3 41. Nc2 Qd2 42. Nce1 1/2-1/2

[Event "Plovdiv Tringov Memorial 36th"]
[Site "Plovdiv"]
[Date "2014.02.04"]
[Round "3"]
[White "Dimov, Dian"]
[Black "Nikolov, Momchil"]
[Result "1-0"]
[WhiteElo "2262"]
[BlackElo "2522"]
[PlyCount "85"]
[EventDate "2014.02.02"]
[EventType "swiss"]
[EventRounds "9"]
[EventCountry "BUL"]
[SourceTitle "CBM 158 Extra"]
[Source "ChessBase"]
[SourceDate "2014.02.28"]
[SourceVersion "1"]
[SourceVersionDate "2014.02.28"]
[SourceQuality "1"]

1. e4 c5 2. Nf3 e6 3. d4 cxd4 4. Nxd4 a6 5. c4 Nf6 6. Nc3 Bb4 7. Qf3 Qc7 8. a3 Be7 9. Qg3 Qxg3 10. hxg3 d6 11. Be2 b6 12. Be3 Bb7 13. f3 Nbd7 14. g4 Ne5 15. g5 Nfd7 16. f4 Nc6 17. Nb3 Bd8 18. 0-0-0 Bc7 19. Rh3 Ke7 20. Rdh1 Nf8 21. Bd3 Nb8 22. Nd4 Nbd7 23. b4 Rg8 24. Re1 f6 25. Bc2 g6 26. Nf3 Rc8 27. Kb2 fxg5 28. Nxg5 h5 29. Bd4 Nf6 30. Nd5+ Bxd5 31. exd5 e5 32. fxe5 dxe5 33. Bxe5 Bxe5+ 34. Rxe5+ Kd6 35. Nf7+ Kc7 36. Re7+ N8d7 37. Rhe3 Rce8 38. Rxe8 Nxe8 39. Kc3 g5 40. Kd4 Rg7 41. Nh6 Nd6 42. Re6 Nb7 43. d6+ 1-0

[Event "Kesarovski Georgiev Memorial-B 12th"]
[Site "Sunny Beach"]
[Date "2013.08.31"]
[Round "1"]
[White "Aliyev, Ravan"]
[Black "Dimov, Dian"]
[Result "1-0"]
[WhiteElo "1897"]
[BlackElo "2289"]
[PlyCount "83"]
[EventDate "2013.08.31"]
[EventType "swiss"]
[EventRounds "9"]
[EventCountry "BUL"]
[SourceTitle "CBM 156 Extra"]
[Source "ChessBase"]
[SourceDate "2013.10.22"]
[SourceVersion "1"]
[SourceVersionDate "2013.10.22"]
[SourceQuality "1"]

1. d4 Nf6 2. Nf3 c5 3. e3 g6 4. b3 Bg7 5. Bb2 0-0 6. Nbd2 b6 7. Be2 Bb7 8. 0-0 d6 9. c4 e6 10. Qc2 Nc6 11. Rac1 Qc7 12. Rfd1 Rae8 13. dxc5 dxc5 14. a3 e5 15. Ng5 Na5 16. b4 cxb4 17. axb4 Nc6 18. b5 Nb4 19. Qa4 a5 20. c5 bxc5 21. Nb3 Bd5 22. Nxc5 Qb6 23. Ba3 e4 24. Bxb4 axb4 25. Nd7 Nxd7 26. Rxd5 Nf6 27. Rdc5 h6 28. Nh3 Qd6 29. Qxb4 Rc8 30. Qc4 Rxc5 31. Qxc5 Qd2 32. Qc2 Qa5 33. Nf4 Rd8 34. h4 Rd2 35. Qc8+ Bf8 36. Bc4 Kg7 37. Bxf7 Kxf7 38. Rc7+ Qxc7 39. Qxc7+ Rd7 40. Qc4+ Ke8 41. Qe6+ Be7 42. Nxg6 1-0

[Event "Albena Masters op"]
[Site "Albena"]
[Date "2013.06.08"]
[Round "8"]
[White "Dimov, Dian"]
[Black "Dimitrov, Dejan"]
[Result "1/2-1/2"]
[WhiteElo "2304"]
[BlackElo "2029"]
[PlyCount "55"]
[EventDate "2013.06.01"]
[EventType "swiss"]
[EventRounds "9"]
[EventCountry "BUL"]
[SourceTitle "EXT 2014"]
[Source "ChessBase"]
[SourceDate "2013.11.20"]
[SourceVersion "1"]
[SourceVersionDate "2013.11.20"]
[SourceQuality "1"]

1. e4 c5 2. Nf3 Nc6 3. Bb5 d6 4. 0-0 Bd7 5. Re1 a6 6. Bxc6 Bxc6 7. d4 cxd4 8. Qxd4 e5 9. Qd3 h6 10. c4 Nf6 11. Nc3 Be7 12. a4 0-0 13. a5 b6 14. Nd2 Qb8 15. axb6 Qxb6 16. Nf1 Qb7 17. Ng3 Bd7 18. h3 Rfc8 19. Nd5 Nxd5 20. cxd5 Qb4 21. Qd1 Rc4 22. Be3 Bf8 23. b3 Rc7 24. Bd2 Qd4 25. Ra2 g6 26. Qf3 Bg7 27. Rd1 Qa7 28. Rda1 1/2-1/2

[Event "Albena Masters op"]
[Site "Albena"]
[Date "2013.06.06"]
[Round "6"]
[White "Dimov, Dian"]
[Black "Banov, Boil"]
[Result "1-0"]
[WhiteElo "2304"]
[BlackElo "2165"]
[PlyCount "68"]
[EventDate "2013.06.01"]
[EventType "swiss"]
[EventRounds "9"]
[EventCountry "BUL"]
[SourceTitle "CBM 154 Extra"]
[Source "ChessBase"]
[SourceDate "2013.06.25"]
[SourceVersion "2"]
[SourceVersionDate "2013.06.25"]
[SourceQuality "1"]

1. e4 c6 2. d4 d5 3. f3 e6 4. Nc3 b6 5. Bf4 Bd6 6. Qd2 Ne7 7. 0-0-0 Ba6 8. Nge2 Qc7 9. Bxd6 Qxd6 10. h4 Nd7 11. Qg5 g6 12. e5 Qb4 13. h5 Rg8 14. a3 Qa5 15. hxg6 hxg6 16. g4 Nf8 17. Bg2 b5 18. Qe3 b4 19. axb4 Qxb4 20. Bf1 Bxe2 21. Nxe2 Rb8 22. Qc3 a5 23. Qxb4 axb4 24. b3 Nd7 25. Kb2 c5 26. dxc5 Nxe5 27. Nd4 Rc8 28. Re1 Nd7 29. Bb5 Kd8 30. Rh7 Rf8 31. c6 Nb8 32. c7+ Rxc7 33. Rxe6 Nc8 34. Rf6 Ra7 1-0